[Event "ICS rated standard match"]
[Site "207.99.83.229"]
[Date "1999.06.13"]
[Round "?"]
[White "JumpN-Mustang"]
[Black "Hossa"]
[Result "0-1"]
[WhiteElo "2019"]
[BlackElo "2268"]
[Annotator "Fritz 5.32 (30s)"]
[PlyCount "28"]

1. e4 1... c5 {Opening = 7.Bg5 a6 8.Na3 b5 9.---} 2. Nf3 Nc6 3. d4 cxd4 4. Nxd4
Nf6 5. Nc3 e5 6. Ndb5 d6 7. Bg5 a6 8. Bxf6 gxf6 9. Na3 f5 10. f3 (10. Nc4 fxe4
11. Nxe4 d5 12. Qxd5 Be6 13. Qxd8+ Rxd8 14. c3 Be7 15. Be2 Rg8 16. g3 f5 17.
Ned2 b5 18. Ne3 e4 19. f4 Bf6 20. a3 Rd7 21. O-O-O Ke7 22. Nb1 Rgd8 23. Rxd7+
Rxd7 24. Rd1 24... Rxd1+ {Navarro,R-Hernandez,J/Merida MEX 1998/1-0 (43)}) (10.
Bd3 b5 11. Nd5 Bg7 12. Qh5 Ne7 13. Nxe7 Qxe7 14. O-O O-O 15. c4 Rb8 16. exf5 e4
17. Rae1 Bb7 18. Qg4 Rfe8 19. cxb5 d5 20. bxa6 Bc6 21. Rc1 Bd7 22. Be2 Rxb2 23.
Rc7 Qd6 24. Rfc1 d4 25. Bc4 d3 26. Qh5 Re7 27. a7 Qxa3 28. Bd5 {
1-0 Koeller,O-Schelle,A/Aschach AUT 1998 (28)}) 10... Be7 $14 (10... b5 11. Ne2
Be6 12. c3 fxe4 13. fxe4 d5 14. exd5 Bxd5 (14... Bxd5 15. Nc2 Qh4+ 16. Ng3
O-O-O 17. Qh5 Qxh5 18. Nxh5 Bh6 19. Nf6 Be6 20. a4 Kb7 21. axb5 axb5 22. Bxb5
Rd2 23. Bxc6+ Kxc6 24. Nb4+ Kb5 25. O-O Rxb2 26. Rae1 Kc4 27. Rf3 Ra8 28. Nd3
Rc2 29. Re4+ Kb3 30. Nc5+ Kb2 31. Rb4+ Ka3 32. Nxe6 fxe6 33. Rb1 Rf8 34. Re1
Bf4 35. Ne4 Bxh2+ 36. Kxh2 36... Rxf3 {
0-1 Collins,D-Tal,S/New York (USA) 1993 (36)}) 15. Nc2 Qh4+ 16. Ng3 O-O-O 17.
Qh5 Qxh5 18. Nxh5 Bh6 19. Nf6 Be6 20. a4 Kb7 21. axb5 axb5 22. Bxb5 Rd2 23.
Bxc6+ Kxc6 24. Nb4+ Kb5 25. O-O {Collins,D-Shaked,T/New York open 1993/0-1 (36)
}) (10... Rg8 11. Nd5 fxe4 12. f4 exf4 13. Qe2 Qa5+ 14. Nc3 e3 15. Nc4 Qd8 16.
Qh5 b5 17. Qxh7 Rg6 18. Nd5 bxc4 19. Nxf4 19... Qf6 {
0-1 Blakmoor,B-Stange,S/op, Vlissingen NED (4) 1996 (19)}) (10... Nd4 11. g3
$11) 11. Bc4 $11 (11. Nd5 11... Be6 $14) 11... O-O $14 (11... Rg8 12. g3 $11)
12. O-O $4 $19 {danach kann Weiss alle Traeume begraben} (12. Nd5 $14 $142 {
war noch moeglich}) 12... Qb6+ 13. Kh1 Qxb2 14. Nab1 (14. Nab5 axb5 15. Nxb5
$19) 14... Qxa1 (14... Qxa1 15. Nd5 15... Qd4 $19) 0-1

[Event "ICS rated standard match"]
[Site "207.99.83.229"]
[Date "1999.06.13"]
[Round "?"]
[White "Hossa"]
[Black "Pinhead"]
[Result "1-0"]
[WhiteElo "2274"]
[BlackElo "1974"]
[Annotator "Fritz 5.32 (30s)"]
[PlyCount "49"]

1. e4 1... c5 {Opening = B90 - 6.---} 2. Nf3 d6 3. d4 cxd4 4. Nxd4 Nf6 5. Nc3
a6 6. Rg1 Nc6 (6... e5 7. Nb3 h5 8. Bg5 Be7 9. Be2 Nbd7 10. a4 b6 11. Nd2 Bb7
12. Nc4 Qc7 13. Ne3 Qc5 14. Qd3 Qd4 15. Nf5 Qxd3 16. cxd3 Bf8 17. Bxf6 Nxf6 18.
Ne3 18... Rc8 {- Glek,I-Lautier,J/Bad Zwesten GER 1999 (18)}) 7. Bg5 $146 (7.
g4 Qb6 (7... Nxd4 8. Qxd4 e5 9. Qd1 Be6 10. g5 Nd7 11. Qf3 Rc8 12. Bh3 Be7 13.
Be3 Rxc3 14. bxc3 Qc7 15. Bxe6 Qxc3+ 16. Kf1 fxe6 17. Kg2 Qc4 18. a4 Rf8 19.
Qg4 d5 20. c3 Nc5 21. Bxc5 Rf4 22. Qh5+ {
Zvjaginsev,V-Ivanchuk,V/Elista RUS 1998/1-0 (37)}) 8. Nb3 e6 9. Be3 Qc7 10. g5
Nd7 11. h4 b5 12. h5 g6 13. f4 Nb6 14. a3 Bg7 15. Qd2 Na4 16. h6 Bxc3 17. bxc3
Nb2 18. Rb1 Nc4 19. Bxc4 bxc4 20. Nd4 e5 21. Nxc6 21... Qxc6 {
Prie,E-Relange,E/Clichy FRA 1998/ - (41)}) (7. Nxc6 bxc6 8. g4 e6 9. g5 Nd7 10.
b3 d5 11. Bb2 Bd6 12. h4 Bb7 13. Qe2 {
- Matthias,W-Christopher,L/Hamburg (Germany) 1995 (13)}) 7... e6 {
Ueberdeckt d5+f5} 8. Nxc6 8... bxc6 {Sichert b5} 9. Qd2 (9. Qd4 9... Rb8 $11)
9... h6 10. Be3 Ng4 (10... Qc7 11. O-O-O $11) 11. Bf4 e5 12. h3 $15 (12. Bg3
Rb8 13. Rb1 13... Be7 $11) 12... Nxf2 $14 (12... exf4 $5 $142 {
muss unbedingt geprueft werden} 13. hxg4 13... Rb8 $15) 13. Be3 ({Nicht} 13.
Qxf2 13... exf4 14. O-O-O 14... Be6 $17) 13... Nxe4 14. Nxe4 d5 15. O-O-O Be7
16. Ng3 $11 (16. Qe1 16... O-O $14) 16... d4 {Schwarz erobert Raum} 17. Qe2 (
17. Qe1 Rb8 18. Bd2 18... Qb6 $11) 17... Qa5 18. Bf2 Qxa2 19. Qxe5 Qa1+ (19...
Be6 20. Rxd4 (20. Qxd4 $4 20... Rd8 21. c4 Rxd4 22. Bxd4 22... O-O $19 (22...
Bxc4 $143 23. Bxc4 Bg5+ 24. Kc2 Qxc4+ 25. Bc3 $19)) (20. Bxd4 $6 {
waere ein Fehlgriff} 20... c5 21. Nf5 Bxf5 22. Bxc5 Qe6 23. Qxe6 23... Bxe6 $11
) 20... O-O 21. Nf5 Bg5+ 22. Be3 Bxe3+ 23. Nxe3 Qa1+ 24. Kd2 Qxb2 25. Bd3 $18)
20. Kd2 Qxb2 21. Bxd4 Qb4+ 22. c3 Qb2+ 23. Ke1 23... f6 $4 {
Schwarz verkuerzt seine Leiden} (23... Rg8 24. Qe4 24... Rb8 $18) 24. Qh5+ Kf8
25. Bc4 (25. Bc4 Qxc3+ 26. Bxc3 g6 27. Qxg6 Be6 28. Bxe6 Rg8 29. Qxg8#) 1-0

[Event "ICS rated standard match"]
[Site "207.99.83.229"]
[Date "1999.06.13"]
[Round "?"]
[White "Grok"]
[Black "Hossa"]
[Result "1-0"]
[WhiteElo "2211"]
[BlackElo "2279"]
[Annotator "Fritz 5.32 (30s)"]
[PlyCount "172"]

1. e4 1... c5 {Opening = 7.Bg5 a6 8.Na3 b5 9.---} 2. Nf3 Nc6 3. d4 cxd4 4. Nxd4
Nf6 5. Nc3 e5 6. Ndb5 d6 7. Bg5 a6 8. Na3 b5 9. Nd5 Be7 10. Bxf6 Bxf6 11. c3
O-O 12. Nc2 Bg5 13. a4 bxa4 14. Rxa4 Ne7 (14... a5 15. Bc4 Rb8 16. b3 Kh8 17.
O-O g6 18. Qd3 f5 19. Rd1 Bh6 20. Nde3 Rf6 21. f3 Ne7 22. Rda1 Bb7 23. Rxa5
fxe4 24. fxe4 Rf4 25. Bd5 Bxd5 26. Nxd5 Nxd5 27. Rxd5 Qb6+ 28. Kh1 Qxb3 29. Ne3
Rf2 30. Re1 Rbf8 31. h3 Bxe3 32. Qxe3 Qc2 33. Rg1 33... Qe2 {
- Bologan,V-Degraeve,J/Belfort FRA 1998 (33)}) 15. Nxe7+ Qxe7 16. Bd3 $11 (16.
Be2 Bb7 17. O-O Qd7 18. Qa1 Bc6 19. Rxa6 Bxe4 20. Nb4 Qe6 21. Rxa8 Bxa8 22. Qa6
Qg6 23. Rd1 Bf4 24. Nc6 Qc2 25. Bf3 e4 26. Qe2 Qxe2 27. Ne7+ Kh8 28. Bxe2 Rb8
29. b4 Be5 30. b5 30... Re8 {(UKR),S-(ISR),S/Rishon (Israel) 1995/ - (40)}) (
16. Nb4 Qb7 17. Qc2 17... a5 $11) 16... Bf4 $14 (16... Qb7 17. Rb4 Qc6 18. O-O
$11) 17. O-O $11 (17. Nb4 17... Bb7 $14) 17... Qg5 18. Ne1 18... Qh6 {
Es droht Matt} 19. g3 Bc1 20. Ng2 Bg5 ({Jedoch nicht} 20... Bxb2 21. Qc2 Bd7
22. Ra2 (22. Rxa6 $6 22... Rxa6 23. Bxa6 23... Ba3 $11) 22... Bxc3 23. Qxc3 $18
) 21. f4 (21. Qe2 21... f5 $14) 21... Bf6 (21... exf4 22. Nxf4 Bb7 23. Qf3 $11)
22. Bc4 Qh3 23. Qxd6 {Wird der Isolani fallen?} 23... Rd8 24. Qb6 24... Rd2 {
Droht Matt: Qxg2} 25. Rf2 Rd1+ 26. Bf1 Qd7 27. Qb3 Rc1 28. Qd5 Qxa4 29. Qxa8 {
Mit der Mattdrohung Qxc8} 29... Qd7 30. fxe5 Bd8 31. e6 {Droht Matt} 31... fxe6
32. Qb8 Bc7 (32... Qc7 33. Qb3 Qa7 34. Qb4 $15) 33. Qb4 {Droht Matt: Qf8} 33...
Qd8 34. Rf3 Rd1 35. Qb3 (35. Nf4 a5 36. Qb5 36... Rb1 $16) 35... Bb6+ 36. Kh1
36... Qd3 {Es droht Matt} 37. Ne1 {
fuer Weiss fuehrt kein Weg daran vorbei, das Material zurueckzugeben} (37. Rxd3
$4 {ein fetter Happen, aber} 37... Rxf1#) 37... Qd8 38. Nc2 Rc1 39. Nb4 39...
Qd7 $16 (39... Qd1 $5 {steht zur Diskussion} 40. Qxd1 40... Rxd1 $11) 40. Qc4
Rb1 41. Nc6 41... a5 $2 $18 (41... Bb7 42. Ne5 Qc8 43. Qxc8+ 43... Bxc8 $11)
42. Qd3 $1 {das war die Absicht. Mit der Mattdrohung Qxd7} 42... Qxc6 43. Qxb1
Bb7 44. Bd3 a4 45. Qc1 Qc5 46. h3 46... Qh5 {Droht Matt} 47. Kg2 Qe5 48. Qf4 {
Mit der Mattdrohung Qf8} 48... Qxf4 49. Rxf4 Bc7 50. Rf1 Bc6 51. Kf3 (51. Bc2
$5 {damit wuerde Weiss es sich noch erleichtern} 51... Be5 $18) 51... Kf7 52.
Bc2 Kf6 53. Ke3+ (53. Rd1 {damit wuerde Weiss es sich noch erleichtern} 53...
g5 $18) 53... Ke7 54. g4 Bb6+ 55. Kf4 Bc7+ 56. Kf3 Kd6 (56... Kf6 {
hilft allerdings auch nicht} 57. Ke3+ Ke5 58. Rf7 Bb6+ 59. Kf3 $18) 57. Ke2 (
57. Rd1+ $5 {ginge schneller} 57... Ke5 58. Rd4 a3 59. bxa3 59... g5 $18) 57...
Bb5+ 58. Bd3 Be8 59. e5+ (59. Ra1 {erleichterte Weiss die Gewinnfuehrung} 59...
Ke5 $18) 59... Kxe5 60. Rf8 Bc6 61. Rf7 Bd8 62. Bxh7 g5 63. Bd3 Kd6 64. Bg6 (
64. Rf1 {ist genauer} 64... Bc7 $18) 64... Bb5+ 65. Kd2 e5 66. Bc2 Be7 67. Be4
Bc4 68. Rf5 Bb3 (68... Bb5 69. Ke3 $18) 69. Kd3 (69. Bc2 $5 {
waere im Gewinnsinne praeziser} 69... Bd5 $18) 69... Be6 70. Rf1 Kc5 71. Ra1
Bb3 72. Bg6 Bd6 (72... Kb6 {nuetzt auch nichts mehr} 73. Be8 Bd5 74. Bxa4 $18)
73. Be8 Kd5 (73... Bg8 {hilft auch nicht mehr} 74. Rxa4 Bh7+ 75. Kd2 $18) 74.
Bf7+ {Weiss geht zum Angriff ueber} ({Schlechter scheint} 74. Bxa4 74... e4+
75. Ke3 75... Bc4 $18) 74... Kc5 75. Bxb3 axb3 76. Ke4 Bc7 77. Kf5 Kc4 78. Rd1
Bb6 79. Kxe5 Be3 (79... Bf2 {holt die Kuh nicht vom Eis} 80. Kf5 Be3 81. Ke4
$18) 80. Ke4 Ba7 (80... Bf2 {aendert nichts am Ausgang der Partie} 81. Rd4+ Kc5
82. Rd5+ Kc4 83. Rxg5 $18) 81. Rd7 (81. h4 $142 {laesst dem Gegner kaum Chancen
} 81... Bc5 82. hxg5 82... Be7 $18) 81... Bb6 (81... Bf2 {
macht keinen grossen Unterschied} 82. Rd4+ Kc5 83. Rd5+ Kc4 84. Rxg5 $18) 82.
Rb7 (82. Rd4+ $5 {und Weiss haette es noch leichter} 82... Kc5 83. Kf5 83...
Bc7 $18) 82... Kc5 (82... Bf2 $18 {ist vielleicht noch ein Schwindelversuch})
83. Rb8 (83. Rxb6 $142 {entschiede die Partie sofort} 83... Kxb6 84. Kd5 84...
Kc7 $18) 83... Bc7 (83... Ba7 {aendert nichts mehr} 84. Ra8 Bb6 85. c4 $18) 84.
Rxb3 (84. Rc8 $142 {und Weiss gewinnt} 84... Kd6 85. Rxc7 85... Kxc7 $18) 84...
Bg3 85. Kf5 Bh4 86. Rb4 Kd5 1-0

[Event "ICS rated blitz match"]
[Site "207.99.83.229"]
[Date "1999.06.13"]
[Round "?"]
[White "Hossa"]
[Black "Frank"]
[Result "1-0"]
[WhiteElo "2382"]
[BlackElo "2178"]
[Annotator "Fritz 5.32 (30s)"]
[PlyCount "53"]

1. e4 1... e6 {Opening = A44 - 2.d5 e5} 2. d4 c5 3. d5 d6 4. c4 e5 5. Nf3 $146
(5. Bd3 h6 6. Nc3 a6 7. Nf3 g5 8. O-O Nf6 9. Be3 Nh5 10. Nxe5 Nf4 11. Bxf4 gxf4
12. Nf3 Bg4 13. h3 h5 14. Qa4+ Nd7 15. Nd2 Bxh3 16. gxh3 Qg5+ 17. Kh1 Qh4 18.
Kh2 Rg8 19. Nf3 19... Qf6 {Head,J-Tubbs,K/IECG 1997/1-0 (42)}) (5. f4 f6 6.
fxe5 fxe5 7. Nf3 Nf6 8. Nc3 Be7 9. Be3 O-O 10. Qd2 a6 11. h3 Nh5 12. O-O-O b5
13. Kb1 bxc4 14. Bxc4 Nd7 15. Ng5 Bxg5 16. Bxg5 Nhf6 17. g4 Nb6 18. Bd3 c4 19.
Bc2 19... Rb8 {Prisagjanec,S-Novakovic,S/Skopje FRM 1998/1-0 (30)}) 5... f5 6.
Nc3 Nf6 7. exf5 Bxf5 8. Ng5 Qd7 9. Bd3 Na6 10. Bxf5 Qxf5 11. O-O Nc7 12. f4 e4
13. Qa4+ Kd8 14. Nf7+ Ke7 15. Nxh8 g6 16. Qb3 b6 17. Re1 Bg7 18. Nxg6+ hxg6 19.
Nxe4 Nxe4 20. Qf3 Bd4+ 21. Kh1 Rh8 22. Qxe4+ Qxe4 23. Rxe4+ Kf6 24. a4 a5 25.
Ra3 Na6 26. Re6+ Kf5 (26... Kf7 $18 {bietet noch letzte Rettungschancen}) 27.
h3 (27. h3 Rh4 28. g4+ Rxg4 29. hxg4+ Kxg4 30. Rxg6+ Kf5 31. Rxd6 $18) (27. g4+
Kxg4 28. Rg3+ Kh5 29. Rexg6 Bf6 30. f5 Bh4 31. Rh3 Rg8 32. Rxg8 Nb4 33. Rg5+
Kh6 34. Rxh4#) 1-0

[Event "ICS rated blitz match"]
[Site "207.99.83.229"]
[Date "1999.06.13"]
[Round "?"]
[White "QuickExpert"]
[Black "Hossa"]
[Result "0-1"]
[WhiteElo "2042"]
[BlackElo "2390"]
[PlyCount "142"]

1. Nc3 e5 2. Nf3 Nc6 3. d4 exd4 4. Nxd4 Nf6 5. Bg5 Bb4 6. Nxc6 Bxc3+ 7. bxc3
bxc6 8. Qd4 O-O 9. Bxf6 Qxf6 10. Qxf6 gxf6 11. e3 Rb8 12. Kd2 c5 13. Bc4 d6 14.
Rab1 Be6 15. Bxe6 fxe6 16. Rb3 Kf7 17. Rhb1 Rb6 18. a4 c4 19. Rb4 Rc6 20. Rb7
a6 21. Ra7 e5 22. Rab7 h5 23. Rb8 Rxb8 24. Rxb8 e4 25. Rh8 Rc5 26. f4 exf3 27.
gxf3 Rd5+ 28. Kc1 Ra5 29. Rh7+ Kg6 30. Rxc7 Rxa4 31. Rc6 d5 32. Rc5 Ra1+ 33.
Kb2 Rd1 34. Rc6 Re1 35. Rxa6 Rxe3 36. Rd6 Rxf3 37. Rxd5 Rf4 38. Rd4 Kf5 39. h3
Ke5 40. Rd8 Rh4 41. Rc8 Kd5 42. Rd8+ Kc5 43. Rc8+ Kb5 44. Rb8+ Kc6 45. Rc8+ Kd7
46. Rf8 Rf4 47. Rh8 Rf5 48. Ka3 Rf3 49. Kb4 Rxh3 50. Kxc4 h4 51. Kd4 Ke6 52. c4
Rh2 53. c5 h3 54. c6 Rxc2 55. Rxh3 Rxc6 56. Re3+ Kf5 57. Rf3+ Kg4 58. Rf1 Re6
59. Kd3 f5 60. Kd2 f4 61. Re1 Rxe1 62. Kxe1 Kf3 63. Kf1 Ke3 64. Ke1 f3 65. Kf1
f2 66. Kg2 Ke2 67. Kg3 f1=Q 68. Kg4 Qf6 69. Kg3 Qg5+ 70. Kh3 Kf2 71. Kh2 71...
Qh5# {QuickExpert checkmated} 0-1

[Event "ICS rated blitz match"]
[Site "207.99.83.229"]
[Date "1999.06.13"]
[Round "?"]
[White "Hossa"]
[Black "OVI68"]
[Result "1-0"]
[WhiteElo "2394"]
[BlackElo "2229"]
[PlyCount "63"]

1. e4 d6 2. d4 Nf6 3. f3 g6 4. c4 Bg7 5. Nc3 c6 6. Be3 a6 7. Qd2 b5 8. Bh6 Bxh6
9. Qxh6 bxc4 10. O-O-O d5 11. e5 Nfd7 12. Qg7 Rf8 13. Qxh7 Nb6 14. Nge2 e6 15.
h4 Qe7 16. h5 gxh5 17. Qxh5 Bb7 18. Kb1 N8d7 19. f4 O-O-O 20. Qh4 f6 21. exf6
Nxf6 22. g4 Rh8 23. Qxh8 Rxh8 24. Rxh8+ Kd7 25. Bh3 c5 26. dxc5 Qxc5 27. g5 Ne8
28. Nd4 Nc7 29. g6 Kd6 30. g7 Nb5 31. Ndxb5+ axb5 32. Ne4+ {OVI68 resigns} 1-0

[Event "ICS rated blitz match"]
[Site "207.99.83.229"]
[Date "1999.06.13"]
[Round "?"]
[White "Frank"]
[Black "Hossa"]
[Result "0-1"]
[WhiteElo "2134"]
[BlackElo "2403"]
[PlyCount "46"]

1. e4 c5 2. Nf3 Nc6 3. Nc3 g6 4. d3 Bg7 5. g3 Nf6 6. Bg2 O-O 7. O-O d5 8. exd5
Nxd5 9. Bd2 Bg4 10. h3 Bxf3 11. Bxf3 e6 12. Ne4 Qb6 13. Rb1 Rad8 14. Bg5 Rd7
15. Qd2 e5 16. Bh6 Nd4 17. Bg2 Bxh6 18. Qxh6 Nb4 19. h4 Ndxc2 20. Bh3 f5 21.
Rfc1 Re7 22. a3 fxe4 23. axb4 23... exd3 {Frank resigns} 0-1

[Event "ICS rated blitz match"]
[Site "207.99.83.229"]
[Date "1999.06.13"]
[Round "?"]
[White "Hossa"]
[Black "RoboMagneto"]
[Result "1/2-1/2"]
[WhiteElo "2409"]
[BlackElo "2649"]
[PlyCount "217"]

1. e4 c5 2. Nf3 e6 3. d4 cxd4 4. Nxd4 Nf6 5. Nc3 Nc6 6. Nxc6 bxc6 7. e5 Nd5 8.
Ne4 Qc7 9. f4 Qa5+ 10. Kf2 Bc5+ 11. Nxc5 Qxc5+ 12. Kf3 O-O 13. c4 Ne7 14. Be3
Qb4 15. Qd2 Qxd2 16. Bxd2 Bb7 17. Rd1 c5+ 18. Kf2 Rac8 19. Bc3 Bc6 20. Be2 Ng6
21. Kg3 f6 22. exf6 gxf6 23. Bd3 Ne7 24. Rhe1 Rce8 25. Kf2 Ng6 26. Bxg6 hxg6
27. b4 cxb4 28. Bxb4 Rf7 29. Rd6 g5 30. Bd2 Rb8 31. Bc1 Rb4 32. fxg5 fxg5+ 33.
Kg3 Rxc4 34. Bxg5 Rc3+ 35. Kg4 Bxg2 36. Re3 Rc4+ 37. Kg3 Rc2 38. Ra3 Bd5 39.
Rxd5 exd5 40. Rxa7 d4 41. h4 d3 42. Ra8+ Kg7 43. Ra5 d6 44. Rd5 Rxa2 45. Rxd3
Rd7 46. Rd5 Kf7 47. Kg4 Ke6 48. Rd1 Re2 49. Rf1 Re4+ 50. Kh5 Rg7 51. Kh6 Rf7
52. Rxf7 Kxf7 53. h5 d5 54. Bc1 d4 55. Kg5 Re5+ 56. Kg4 d3 57. Kf3 Rxh5 58. Ke4
Ke6 59. Kxd3 Kd5 60. Be3 Rh3 61. Kd2 Ke4 62. Bc5 Rd3+ 63. Ke2 Rd7 64. Kf2 Rd2+
65. Kg3 Rc2 66. Bd6 Rc6 67. Be7 Rg6+ 68. Kf2 Rg4 69. Ke2 Rg2+ 70. Ke1 Kf3 71.
Bf6 Ra2 72. Kd1 Ke3 73. Ke1 Rh2 74. Kd1 Kd3 75. Kc1 Rd2 76. Kb1 Rf2 77. Be5 Rc2
78. Bf6 Rc6 79. Be5 Re6 80. Bc7 Re2 81. Bb6 Rc2 82. Bd4 Rh2 83. Be5 Rh5 84. Bd6
Kc3 85. Be7 Rh1+ 86. Ka2 Rh6 87. Kb1 Rg6 88. Bh4 Rc6 89. Kc1 Rd6 90. Bg5 Rd7
91. Bf6+ Kb3 92. Be5 Rd3 93. Bf6 Rd5 94. Be7 Re5 95. Bf6 Re6 96. Bg5 Rg6 97.
Be7 Rg7 98. Bf6 Rg2 99. Be5 Re2 100. Bd6 Re6 101. Bf4 Rf6 102. Be5 Rf5 103. Bg7
Rd5 104. Bf6 Rd6 105. Be5 Rd7 106. Bf6 Rd3 107. Be5 Re3 108. Bf6 Rd3 109. Be5 {
Game drawn by the 50 move rule} 1/2-1/2

[Event "ICS rated standard match"]
[Site "207.99.83.229"]
[Date "1999.06.13"]
[Round "?"]
[White "Hossa"]
[Black "Pinhead"]
[Result "1-0"]
[WhiteElo "2260"]
[BlackElo "1918"]
[Annotator "Fritz 5.32 (15s)"]
[PlyCount "35"]

1. e4 1... c5 {Opening = B90 - 6.---} 2. Nf3 d6 3. d4 cxd4 4. Nxd4 Nf6 5. Nc3
a6 6. Rg1 Nc6 (6... e5 7. Nb3 h5 8. Bg5 Be7 9. Be2 Nbd7 10. a4 b6 11. Nd2 Bb7
12. Nc4 Qc7 13. Ne3 Qc5 14. Qd3 Qd4 15. Nf5 Qxd3 16. cxd3 Bf8 17. Bxf6 Nxf6 18.
Ne3 18... Rc8 {- Glek,I-Lautier,J/Bad Zwesten GER 1999 (18)}) 7. Bg5 $146 (7.
g4 Qb6 (7... Nxd4 8. Qxd4 e5 9. Qd1 Be6 10. g5 Nd7 11. Qf3 Rc8 12. Bh3 Be7 13.
Be3 Rxc3 14. bxc3 Qc7 15. Bxe6 Qxc3+ 16. Kf1 fxe6 17. Kg2 Qc4 18. a4 Rf8 19.
Qg4 d5 20. c3 Nc5 21. Bxc5 Rf4 22. Qh5+ {
Zvjaginsev,V-Ivanchuk,V/Elista RUS 1998/1-0 (37)}) 8. Nb3 e6 9. Be3 Qc7 10. g5
Nd7 11. h4 b5 12. h5 g6 13. f4 Nb6 14. a3 Bg7 15. Qd2 Na4 16. h6 Bxc3 17. bxc3
Nb2 18. Rb1 Nc4 19. Bxc4 bxc4 20. Nd4 e5 21. Nxc6 21... Qxc6 {
Prie,E-Relange,E/Clichy FRA 1998/ - (41)}) (7. Nxc6 bxc6 8. g4 e6 9. g5 Nd7 10.
b3 d5 11. Bb2 Bd6 12. h4 Bb7 13. Qe2 {
- Matthias,W-Christopher,L/Hamburg (Germany) 1995 (13)}) 7... h6 8. Bxf6 {
Weiss entwickelt eine toedliche Initiative} 8... gxf6 9. Nxc6 9... bxc6 {
Kontrolliert b5} 10. Bc4 10... e6 {Deckt d5} 11. Qd3 d5 12. exd5 cxd5 13. Nxd5
exd5 14. Bxd5 14... Ra7 $14 (14... Rb8 $5 15. Bc6+ Bd7 16. Qe2+ Qe7 17. Bxd7+
Kxd7 18. O-O-O+ Kc7 19. Qxa6 Qc5 20. Qxf6 Qg5+ 21. Qxg5 21... hxg5 $11) 15.
O-O-O 15... Qc7 $4 $18 {vergroessert seine Probleme} (15... Be7 16. Bc6+ 16...
Bd7 $18) 16. Bc6+ $3 {ein energisches Opfer} 16... Bd7 17. Bxd7+ Qxd7 18. Qe4+
(18. Qe4+ Qe6 19. Qa4+ Rd7 20. Rge1 $18) 1-0

[Event "ICS rated blitz match"]
[Site "207.99.83.229"]
[Date "1999.06.13"]
[Round "?"]
[White "Frank"]
[Black "Hossa"]
[Result "0-1"]
[WhiteElo "2118"]
[BlackElo "2419"]
[PlyCount "92"]

1. e4 c5 2. Nf3 e6 3. b4 cxb4 4. a3 Nc6 5. d4 bxa3 6. Bxa3 d5 7. Bxf8 Kxf8 8.
exd5 exd5 9. Be2 Nf6 10. O-O Rg8 11. c4 dxc4 12. d5 Nxd5 13. Bxc4 Be6 14. Qc1
Qd6 15. Rd1 Rd8 16. Nc3 Qc5 17. Ne4 Qe7 18. Qb2 Ndb4 19. Bxe6 Rxd1+ 20. Rxd1
fxe6 21. Nd6 a6 22. Ne5 Nxe5 23. Qxe5 Nc6 24. Qe4 g5 25. Rd3 Rg6 26. h3 Kg8 27.
Qe3 e5 28. Ne4 g4 29. hxg4 Nb4 30. Rb3 b6 31. f3 Nc2 32. Qc3 Nd4 33. Rb2 Kg7
34. Qe3 Qe6 35. Ng3 Kf7 36. Rd2 Kg8 37. Nh5 Qc8 38. Qe4 Qc1+ 39. Kh2 Qxd2 40.
Qa8+ Kf7 41. Qb7+ Kf8 42. Qxb6 Rxb6 43. Ng3 Rb2 44. Kh3 Qxg2+ 45. Kh4 Nxf3+ 46.
Kh5 46... Qh3# {Frank checkmated} 0-1

[Event "ICS rated blitz match"]
[Site "207.99.83.229"]
[Date "1999.06.13"]
[Round "?"]
[White "Hossa"]
[Black "VESta"]
[Result "1-0"]
[WhiteElo "2431"]
[BlackElo "2361"]
[PlyCount "109"]

1. e4 e5 2. Nf3 Nc6 3. Bb5 a6 4. Ba4 Nf6 5. Bxc6 dxc6 6. d3 Nd7 7. d4 exd4 8.
Qxd4 Nc5 9. Qxd8+ Kxd8 10. Nc3 f6 11. Be3 Bg4 12. Nd4 Bd6 13. f3 Bd7 14. Nb3
Nxb3 15. axb3 Ke7 16. O-O Be6 17. Rad1 Rhd8 18. Ne2 Be5 19. Nd4 Bxd4 20. Bxd4
Rd7 21. Bc5+ Ke8 22. Rxd7 Bxd7 23. Bd4 Be6 24. e5 Rd8 25. Bc3 fxe5 26. Bxe5 Rd7
27. Re1 Kf7 28. Bxg7 Rd2 29. c4 Kxg7 30. Rxe6 Kf7 31. Re3 Rxb2 32. h4 a5 33.
Rc3 c5 34. Kh2 Ke6 35. Kh3 Ke5 36. Rd3 c6 37. Kg3 a4 38. bxa4 Rb4 39. Rd7 h5
40. a5 Ke6 41. Rh7 Kf6 42. Rxh5 Rxc4 43. Rh7 Rb4 44. a6 bxa6 45. Rh6+ Ke5 46.
Rxc6 Kd5 47. Rxa6 c4 48. h5 c3 49. h6 c2 50. Ra5+ Kd4 51. Ra1 Rb1 52. h7 c1=Q
53. h8=Q+ Kd5 54. Qh5+ Kd6 55. Qg6+ {VESta resigns} 1-0

[Event "ICS rated standard match"]
[Site "207.99.83.229"]
[Date "1999.06.13"]
[Round "?"]
[White "Zapallo"]
[Black "Hossa"]
[Result "1/2-1/2"]
[WhiteElo "2061"]
[BlackElo "2264"]
[PlyCount "66"]

1. c4 Nf6 2. Nc3 e5 3. g3 c6 4. Nf3 Qa5 5. d3 Bb4 6. Bd2 d6 7. Bg2 Bg4 8. a3
Bxc3 9. Bxc3 Qb6 10. h3 Bxf3 11. Bxf3 O-O 12. d4 e4 13. Bg2 Qa6 14. Qb3 Nbd7
15. O-O Nb6 16. d5 Qxc4 17. Qxc4 Nxc4 18. dxc6 bxc6 19. Rac1 Ne5 20. b4 Rac8
21. Rfd1 Rfd8 22. Bb2 Rb8 23. Ba1 Ra8 24. Bxe5 dxe5 25. Rxd8+ Rxd8 26. Rxc6 h5
27. Rc5 Rd1+ 28. Kh2 Rd2 29. Rxe5 Rxe2 30. Kg1 Re1+ 31. Kh2 Re2 32. Kg1 Re1+
33. Kh2 33... Re2 {Game drawn by repetition} 1/2-1/2

[Event "ICS rated blitz match"]
[Site "207.99.83.229"]
[Date "1999.06.13"]
[Round "?"]
[White "Hossa"]
[Black "SuperChicken"]
[Result "0-1"]
[WhiteElo "2466"]
[BlackElo "2750"]
[PlyCount "121"]

1. e4 e5 2. Nf3 Nc6 3. Bb5 a6 4. Ba4 Nf6 5. Bxc6 dxc6 6. d3 Nd7 7. d4 f6 8.
dxe5 fxe5 9. Ng5 Qf6 10. O-O Nb6 11. Nc3 Bb4 12. Qh5+ Qg6 13. Qxg6+ hxg6 14.
Ne2 Bg4 15. c3 Bd6 16. f3 Bd7 17. b3 Be7 18. f4 Bxg5 19. fxg5 Be6 20. Be3 Nd7
21. Rad1 O-O-O 22. Rd2 Rh4 23. Ng3 Rdh8 24. h3 Rd8 25. Rfd1 Rhh8 26. c4 Rhf8
27. a4 Rfe8 28. a5 Rf8 29. Ba7 c5 30. Ne2 b6 31. axb6 Nxb6 32. Rxd8+ Rxd8 33.
Rxd8+ Kxd8 34. Nc1 Kd7 35. Nd3 Kd6 36. Kf2 a5 37. Bxb6 cxb6 38. Kf3 a4 39. bxa4
Bxc4 40. Nb2 Ba6 41. Ke3 Ke6 42. Kf2 Kd7 43. Kf3 Kc6 44. Nd1 Bc4 45. Nc3 Bb3
46. Ke3 Kb7 47. g3 Ka6 48. Nd5 Bxa4 49. Nc7+ Ka5 50. Ne6 c4 51. Nd8 c3 52. Nf7
b5 53. Nxe5 b4 54. Nc4+ Ka6 55. Kd3 Bb5 56. e5 Bxc4+ 57. Kxc4 c2 58. Kxb4 c1=Q
59. g4 Qf4+ 60. Kc3 Qxe5+ 61. Kb4 {Hossa resigns} 0-1

[Event "ICS rated standard match"]
[Site "207.99.83.229"]
[Date "1999.06.13"]
[Round "?"]
[White "Hossa"]
[Black "Salama-Santeri"]
[Result "1-0"]
[WhiteElo "2256"]
[BlackElo "1926"]
[PlyCount "59"]

1. e4 c6 2. d4 d5 3. e5 Bf5 4. Nf3 e6 5. Be2 c5 6. O-O Nc6 7. Be3 c4 8. b3 b5
9. a4 a6 10. Nc3 b4 11. Na2 c3 12. Nc1 Nge7 13. Nd3 Bxd3 14. Bxd3 Nc8 15. Qe2
a5 16. Ng5 h6 17. Qh5 Qd7 18. Nxf7 Ke7 19. Nxh8 Kd8 20. f4 Kc7 21. f5 Be7 22.
Qg6 Nb6 23. fxe6 Qe8 24. Nf7 Bf8 25. Rae1 Ne7 26. Qg4 g5 27. Nd6 Qd8 28. Rf7
Nbc8 29. Nb5+ Kb6 30. Ref1 {Salama-Santeri resigns} 1-0

[Event "ICS rated blitz match"]
[Site "207.99.83.229"]
[Date "1999.06.13"]
[Round "?"]
[White "matar"]
[Black "Hossa"]
[Result "0-1"]
[WhiteElo "2299"]
[BlackElo "2461"]
[PlyCount "58"]

1. e4 e5 2. Nf3 Nc6 3. Bb5 a6 4. Ba4 Nf6 5. Bxc6 dxc6 6. d3 Nd7 7. Nbd2 Be7 8.
Nc4 Bf6 9. Qe2 O-O 10. Bd2 Qe7 11. g4 Qe6 12. g5 Bd8 13. h4 b5 14. Ne3 Bb7 15.
Nf5 Kh8 16. h5 Rg8 17. N3h4 Re8 18. g6 fxg6 19. Nxg6+ Kg8 20. Ngh4 Bf6 21. Rg1
Kf7 22. Qg4 Rf8 23. O-O-O Qxa2 24. Bc3 Rad8 25. Nxg7 Rg8 26. Nhf5 Bxg7 27. Nxg7
Nf6 28. Qe6+ Qxe6 29. Nxe6 29... Kxe6 {matar resigns} 0-1